<?xml version="1.0" encoding="UTF-8"?>
<collection xmlns="http://www.loc.gov/MARC21/slim">
<record>
  <controlfield tag="001">164168</controlfield>
  <controlfield tag="005">20251127172930.0</controlfield>
  <datafield tag="024" ind1="7" ind2=" ">
    <subfield code="2">doi</subfield>
    <subfield code="a">10.1016/j.ijbiomac.2025.148860</subfield>
  </datafield>
  <datafield tag="024" ind1="8" ind2=" ">
    <subfield code="2">sideral</subfield>
    <subfield code="a">146338</subfield>
  </datafield>
  <datafield tag="037" ind1=" " ind2=" ">
    <subfield code="a">ART-2025-146338</subfield>
  </datafield>
  <datafield tag="041" ind1=" " ind2=" ">
    <subfield code="a">eng</subfield>
  </datafield>
  <datafield tag="100" ind1=" " ind2=" ">
    <subfield code="a">Minjarez-Saenz, Martha</subfield>
    <subfield code="0">(orcid)0000-0001-7947-8813</subfield>
  </datafield>
  <datafield tag="245" ind1=" " ind2=" ">
    <subfield code="a">A π-stacking gate for redox control in flavin ferredoxin-thioredoxin reductases</subfield>
  </datafield>
  <datafield tag="260" ind1=" " ind2=" ">
    <subfield code="c">2025</subfield>
  </datafield>
  <datafield tag="520" ind1="3" ind2=" ">
    <subfield code="a">Flavin ferredoxin-thioredoxin reductases (FFTRs) constitute a unique class of enzymes that transfer electrons from low-potential ferredoxins (Fdxs) to thioredoxins (Trxs) through a flavin cofactor. They are widely distributed across bacterial lineages, including cyanobacteria and anaerobes such as Clostridium, where they function either as the sole Trx reductase or in parallel with canonical NADPH-dependent or iron–sulfur systems. A distinguishing feature of cyanobacterial FFTRs is a C-terminal tail containing a conserved tryptophan (Trp) that engages in a π-stacking interaction with the flavin—a motif absent in clostridial orthologs. In this study, we use the cyanobacterial FFTR from Gloeobacter violaceus as a model to demonstrate that the C-terminal tail and its conserved aromatic residue modulate the FAD electronic environment, electron transfer efficiency, and Fdx donor interactions. Mutants lacking the tail or Trp exhibited increased flavin solvent exposure, a redox potential shift of over 200 mV toward less negative values, altered reduction kinetics, impaired electron flow to the redox-active disulfide, and reduced specificity for Fdx binding. These results reveal a dual role for the C-terminal tail: it establishes a productive donor-binding interface and shapes the FAD environment to meet the thermodynamic and kinetic requirements for efficient intramolecular electron transfer to the redox-active disulfide. Collectively, these findings provide mechanistic insight into how peripheral structural features, such as FAD-aromatic π-stacking interactions, govern flavin reactivity, donor specificity, and redox behavior in cyanobacterial FFTRs, underscoring their relevance and offering a framework for engineering redox-active biocatalysts for synthetic biology and metabolic applications</subfield>
  </datafield>
  <datafield tag="506" ind1="0" ind2=" ">
    <subfield code="a">Access copy available to the general public</subfield>
    <subfield code="f">Unrestricted</subfield>
  </datafield>
  <datafield tag="536" ind1=" " ind2=" ">
    <subfield code="9">info:eu-repo/grantAgreement/ES/AEI/PID2023-150714OB-I00</subfield>
    <subfield code="9">info:eu-repo/grantAgreement/ES/DGA/E35-23R</subfield>
    <subfield code="9">info:eu-repo/grantAgreement/ES/MICINN-AEI/PID2019-110900GB-I00</subfield>
    <subfield code="9">info:eu-repo/grantAgreement/ES/MICINN/PID2022-136369NB-I00</subfield>
  </datafield>
  <datafield tag="540" ind1=" " ind2=" ">
    <subfield code="9">info:eu-repo/semantics/openAccess</subfield>
    <subfield code="a">by-nc</subfield>
    <subfield code="u">https://creativecommons.org/licenses/by-nc/4.0/deed.es</subfield>
  </datafield>
  <datafield tag="655" ind1=" " ind2="4">
    <subfield code="a">info:eu-repo/semantics/article</subfield>
    <subfield code="v">info:eu-repo/semantics/publishedVersion</subfield>
  </datafield>
  <datafield tag="700" ind1=" " ind2=" ">
    <subfield code="a">Correa-Pérez, Víctor</subfield>
    <subfield code="u">Universidad de Zaragoza</subfield>
  </datafield>
  <datafield tag="700" ind1=" " ind2=" ">
    <subfield code="a">Rivero, Maria Isabel</subfield>
    <subfield code="u">Universidad de Zaragoza</subfield>
  </datafield>
  <datafield tag="700" ind1=" " ind2=" ">
    <subfield code="a">Sadeghi, Sheila J.</subfield>
  </datafield>
  <datafield tag="700" ind1=" " ind2=" ">
    <subfield code="a">Calvo, Javier</subfield>
  </datafield>
  <datafield tag="700" ind1=" " ind2=" ">
    <subfield code="a">Velázquez-Campoy, Adrián</subfield>
    <subfield code="u">Universidad de Zaragoza</subfield>
    <subfield code="0">(orcid)0000-0001-5702-4538</subfield>
  </datafield>
  <datafield tag="700" ind1=" " ind2=" ">
    <subfield code="a">Gago, Federico</subfield>
  </datafield>
  <datafield tag="700" ind1=" " ind2=" ">
    <subfield code="a">Buey, Rubén M.</subfield>
  </datafield>
  <datafield tag="700" ind1=" " ind2=" ">
    <subfield code="a">Martínez-Júlvez, Marta</subfield>
  </datafield>
  <datafield tag="700" ind1=" " ind2=" ">
    <subfield code="a">Medina, Milagros</subfield>
    <subfield code="u">Universidad de Zaragoza</subfield>
    <subfield code="0">(orcid)0000-0001-8743-0182</subfield>
  </datafield>
  <datafield tag="700" ind1=" " ind2=" ">
    <subfield code="a">Balsera, Monica</subfield>
  </datafield>
  <datafield tag="710" ind1="2" ind2=" ">
    <subfield code="1">1002</subfield>
    <subfield code="2">060</subfield>
    <subfield code="a">Universidad de Zaragoza</subfield>
    <subfield code="b">Dpto. Bioq.Biolog.Mol. Celular</subfield>
    <subfield code="c">Área Bioquímica y Biolog.Mole.</subfield>
  </datafield>
  <datafield tag="773" ind1=" " ind2=" ">
    <subfield code="g">333 (2025), 148860 [11 pp.]</subfield>
    <subfield code="p">Int. j. biol. macromol.</subfield>
    <subfield code="t">International journal of biological macromolecules</subfield>
    <subfield code="x">0141-8130</subfield>
  </datafield>
  <datafield tag="856" ind1="4" ind2=" ">
    <subfield code="s">2112644</subfield>
    <subfield code="u">http://zaguan.unizar.es/record/164168/files/texto_completo.pdf</subfield>
    <subfield code="y">Versión publicada</subfield>
  </datafield>
  <datafield tag="856" ind1="4" ind2=" ">
    <subfield code="s">2462990</subfield>
    <subfield code="u">http://zaguan.unizar.es/record/164168/files/texto_completo.jpg?subformat=icon</subfield>
    <subfield code="x">icon</subfield>
    <subfield code="y">Versión publicada</subfield>
  </datafield>
  <datafield tag="909" ind1="C" ind2="O">
    <subfield code="o">oai:zaguan.unizar.es:164168</subfield>
    <subfield code="p">articulos</subfield>
    <subfield code="p">driver</subfield>
  </datafield>
  <datafield tag="951" ind1=" " ind2=" ">
    <subfield code="a">2025-11-27-15:16:21</subfield>
  </datafield>
  <datafield tag="980" ind1=" " ind2=" ">
    <subfield code="a">ARTICLE</subfield>
  </datafield>
</record>
</collection>